000
00391nam a2200133Ia 4500
008
151001s9999||||xx |||||||||||||| ||und||
100
_a
अरुण हरकारे
245
_a
कठीण कामगिरी
250
_a
1
260
_b
"अभिनंदन प्रकाशन, कोल्हापूर "
260
_c
२०१३
300
_a
228
365
_b
18
999
_c
1002211
_d
1002208